The Collected screenplays of Bernard Shaw

Bibliographic Details
Main Author: Dukore, Bernard
Other Authors: Dukore, Bernard Frank
Format: Book
Published: Athens : The University of Georgia Press , 1980
Subjects:

MARC

LEADER 00000cam a2200000 7i4500
001 0000004712
002 000005081
005 20000330.0
020 |a 0820305243 
090 0 0 |a 822.912   |b SHA 
100 1 |a Dukore, Bernard 
245 1 4 |a The Collected screenplays of Bernard Shaw   |c Bernard F.Dukore 
260 |a Athens :   |b The University of Georgia Press ,   |c 1980 
300 |a 487p. ;   |c 22cm. 
650 0 0 |a Moving   |x Picture plays 
700 1 |a Dukore, Bernard Frank 
999 |a 037482   |b BUKU   |c PINJAMAN   |e PERPUSTAKAAN KOMUNITI PETALING JAYA